000 00855na a2200241 4500
001 20068
003 MIRAKIL
005 20181213154807.0
008 170103b tu 000 0
040 _aMilas
_btur
_cTR-AnCHP
041 _atur
082 _a378.09561
_bT96 1993
090 _a378.09561 T96 1993
245 _aTürkiye'de yükseköğretimin genel durumu
_bProf. Dr. Mehmet Sağlam'ın 1994 mali yılı için plan ve bütçe komisyonu'nda yapmış olduğu konuşma
_cMehmet Sağlam
246 _aProf. Dr. Mehmet Sağlam'ın 1994 mali yılı için plan ve bütçe komisyonu'nda yapmış olduğu konuşma
260 _aAnkara
_bYÖK
_c1993
300 _a14 s.
_c30 sm.
650 _aÜniversiteler
_zTürkiye
650 _aYüksek öğretim
_zTürkiye
700 _aSağlam, Mehmet
710 _aYükseköğretim Kurulu
942 _2dcc
_cBKS
999 _c963
_d963